<?xml version="1.0" encoding="UTF-8"?>
<record
    xmlns:xsi="http://www.w3.org/2001/XMLSchema-instance"
    xsi:schemaLocation="http://www.loc.gov/MARC21/slim http://www.loc.gov/standards/marcxml/schema/MARC21slim.xsd"
    xmlns="http://www.loc.gov/MARC21/slim">

  <leader>01566nam a22002777a 4500</leader>
  <datafield tag="999" ind1=" " ind2=" ">
    <subfield code="c">21136</subfield>
    <subfield code="d">21136</subfield>
  </datafield>
  <controlfield tag="003">AR-CdUCM</controlfield>
  <controlfield tag="008">190304b           ||||| |||| 00| 0 spa d</controlfield>
  <datafield tag="040" ind1=" " ind2=" ">
    <subfield code="a">MUNICIPALIDAD PROVINCIAL DEL CUSCO</subfield>
    <subfield code="c">BIBLIOTECA MUNICIPAL DEL CUSCO</subfield>
  </datafield>
  <datafield tag="082" ind1=" " ind2=" ">
    <subfield code="a">985.61 / L17</subfield>
    <subfield code="b">L17</subfield>
  </datafield>
  <datafield tag="245" ind1=" " ind2=" ">
    <subfield code="a">La comunidad campesina ancestral de Sucso Auccaylle San Jer&#xF3;nimo :</subfield>
    <subfield code="b">Aspectos de su Historia, tradici&#xF3;n y patrimonio /</subfield>
  </datafield>
  <datafield tag="260" ind1=" " ind2=" ">
    <subfield code="a">Cusco :</subfield>
    <subfield code="b">Karina,</subfield>
    <subfield code="c">2018.</subfield>
  </datafield>
  <datafield tag="300" ind1=" " ind2=" ">
    <subfield code="a">313 p&#xE1;ginas :</subfield>
    <subfield code="b">ilustraciones,</subfield>
    <subfield code="c">17x24 cm.</subfield>
  </datafield>
  <datafield tag="505" ind1=" " ind2=" ">
    <subfield code="a">Contenido: Aspectos generales del Distrito de San Jer&#xF3;nimo y su relaci&#xF3;n con el Valle del Cusco -- La comunidad campesina de Sucso Auccaylle  San Jer&#xF3;nimo aspectos de su historia tradici&#xF3;n y patrimonio -- Tradiciones ancestrales en la comunidad campesina de Sucso Auccaylle -- Gestores de los 50 a&#xF1;os de vida institucional de la comunidad Sucso Auccaylle San Jer&#xF3;nimo -- Testimonios mitos y leyendas en la comunidad de Sucso Auccaylle -- Ayllus Incas, ceques tierras del Sol y agua del Huanacauri en Sucso Auccaille San Jer&#xF3;nimo Cusco -- Las reducciones y visitas.</subfield>
  </datafield>
  <datafield tag="650" ind1=" " ind2=" ">
    <subfield code="a">Historia</subfield>
    <subfield code="9">44115</subfield>
  </datafield>
  <datafield tag="650" ind1=" " ind2=" ">
    <subfield code="a">Valle Sur</subfield>
    <subfield code="9">8590</subfield>
  </datafield>
  <datafield tag="650" ind1=" " ind2=" ">
    <subfield code="a">Distrito de San Jer&#xF3;nimo</subfield>
    <subfield code="9">44116</subfield>
  </datafield>
  <datafield tag="650" ind1=" " ind2=" ">
    <subfield code="a">Cusco - Per&#xFA;</subfield>
    <subfield code="9">4115</subfield>
  </datafield>
  <datafield tag="700" ind1=" " ind2=" ">
    <subfield code="a">Usca Baca, Alex Iv&#xE1;n</subfield>
    <subfield code="9">44117</subfield>
  </datafield>
  <datafield tag="700" ind1=" " ind2=" ">
    <subfield code="a">Coanqui Quispe, Calixto</subfield>
    <subfield code="9">44118</subfield>
  </datafield>
  <datafield tag="700" ind1=" " ind2=" ">
    <subfield code="a">Escalante Gutierrez, Carmen</subfield>
    <subfield code="9">11047</subfield>
  </datafield>
  <datafield tag="700" ind1=" " ind2=" ">
    <subfield code="a">Valderrama Fern&#xE1;ndez, Ricardo</subfield>
    <subfield code="9">7653</subfield>
  </datafield>
  <datafield tag="700" ind1=" " ind2=" ">
    <subfield code="a">Challco Aller, Sabino</subfield>
    <subfield code="9">44119</subfield>
  </datafield>
  <datafield tag="710" ind1=" " ind2=" ">
    <subfield code="a">Comunidad Campesina Sucso Auccaylle</subfield>
    <subfield code="9">44120</subfield>
  </datafield>
  <datafield tag="942" ind1=" " ind2=" ">
    <subfield code="2">ddc</subfield>
    <subfield code="c">LIBROS</subfield>
  </datafield>
  <datafield tag="945" ind1=" " ind2=" ">
    <subfield code="a">Roel</subfield>
  </datafield>
  <datafield tag="952" ind1=" " ind2=" ">
    <subfield code="0">0</subfield>
    <subfield code="2">ddc</subfield>
    <subfield code="4">0</subfield>
    <subfield code="7">0</subfield>
    <subfield code="a">SH</subfield>
    <subfield code="b">SH</subfield>
    <subfield code="c">CART</subfield>
    <subfield code="d">2020-02-06</subfield>
    <subfield code="e">Dep&#xF3;sito Legal BNP N&#xB0; 2018-17420</subfield>
    <subfield code="g">20.00</subfield>
    <subfield code="o">985.61 / L17</subfield>
    <subfield code="p">SH0000015604</subfield>
    <subfield code="r">2020-02-06</subfield>
    <subfield code="y">LIBROS</subfield>
  </datafield>
</record>
